| 000 | 00390nam a2200133Ia 4500 | ||
|---|---|---|---|
| 008 | 220216s9999 xx 000 0 und d | ||
| 100 | _aSwami B.N | ||
| 245 | 0 | _aCoating of fertilizers for improving their use efficiency | |
| 260 |
_bJournal of the Indian Society of Soil Science _c2015 |
||
| 300 | _aS146-S156 | ||
| 650 | _aFertilizers | ||
| 650 | _aSustainable productivity | ||
| 942 | _cJS | ||
| 999 |
_c55807 _d55807 |
||